Dječaci (Istina) - Pjesme - Statistics

General Stats
  • This quiz has been taken 13 times
  • The average score is 7 of 17
Answer Stats
Answer % Correct
Istina
82%
Lovrinac
82%
Med
64%
Miris
64%
After u zatvoru
45%
Cigan
45%
Dalmacija
45%
Deblo
45%
Aladin
36%
Za bebu
36%
ZGB
36%
Evala
27%
Janeway
27%
Maci
27%
Sto eura
27%
Leteće sranje
18%
Siromašan
9%
No matching quizzes found
Score Distribution
Percent of People with Each Score
Percentile by Number Answered
Your Score History
You have not taken this quiz